000 00330nam a22001457a 4500
008 230601b ||||| |||| 00| 0 eng d
020 _a9780357114728
041 _aeng
080 _213TH EDITION
_a51
082 _a51SMI
100 _a23
101 _aMATE
245 _aTHE NATURE OF MATHEMATICS
_cSMITH.J.K
942 _2udc
_cBK
999 _c59895
_d59895